Wszyscy piłkarze powołani na mundial 2018 - Statystyki

Ogólne statystyki
  • Ten quiz został rozwiązany 99 razy
  • Średni wynik to 161 z 736
Statystyki odpowiedzi
Numer Reprezentacja Zawodnik % Poprawnych
10 Mohamed Salah
95%
7 Cristiano Ronaldo
84%
7 Son Heung-min
81%
22 Go Yo-han
79%
9 Luis Suárez
79%
18 Moon Seon-min
79%
10 Lionel Messi
77%
9 Robert Lewandowski
77%
23 Adrien Silva
76%
9 André Silva
76%
11 Bernardo Silva
76%
21 David Silva
76%
13 Gastón Silva
76%
10 Kylian Mbappé
76%
23 Martín Silva
76%
10 Neymar
76%
2 Thiago Silva
76%
23 Jo Hyeon-woo
74%
10 Luka Modrić
74%
21 Edinson Cavani
71%
9 Harry Kane
71%
1 Polska Wojciech Szczęsny
71%
16 Bruno Fernandes
69%
10 Christian Eriksen
69%
10 Sadio Mané
69%
16 Gelson Fernandes
68%
1 Francja Hugo Lloris
68%
16 Ki Sung-yueng
68%
4 Manuel Fernandes
68%
1 Niemcy Manuel Neuer
68%
2 Mário Fernandes
68%
3 Pepe
68%
11 Ángel Di María
66%
15 Duje Ćaleta-Car
66%
15 Kamil Glik
66%
7 Kevin De Bruyne
66%
6 Paul Pogba
66%
19 Piotr Zieliński
66%
8 Toni Kroos
66%
7 Antoine Griezmann
65%
7 Arkadiusz Milik
65%
10 James Rodríguez
65%
21 Lucas Hernández
65%
9 Olivier Giroud
65%
4 Raphaël Varane
65%
1 Portugalia Rui Patrício
65%
2 Achraf Hakimi
63%
2 Alberto Rodríguez
63%
22 Alex Rodríguez
63%
7 Cristian Rodríguez
63%
10 Grzegorz Krychowiak
63%
7 Ivan Rakitić
63%
14 Javier Hernández
63%
21 José Luis Rodríguez
63%
11 Kamil Grosicki
63%
1 Kostaryka Keylor Navas
63%
21 Kim Jin-hyeon
63%
12 Kim Min-woo
63%
1 Korea Płd. Kim Seung-gyu
63%
9 Kim Shin-wook
63%
19 Kim Young-gwon
63%
13 Ricardo Rodríguez
63%
9 Romelu Lukaku
63%
13 Thomas Müller
63%
5 Jan Bednarek
61%
13 N’Golo Kanté
61%
15 Sergio Ramos
61%
15 Christian Ramos
60%
19 Diego Costa
60%
7 Douglas Costa
60%
8 Marco Fabián
60%
16 Jakub Błaszczykowski
58%
18 Jordi Alba
58%
22 Łukasz Fabiański
58%
20 Łukasz Piszczek
58%
4 Manuel da Costa
58%
5 Mats Hummels
58%
19 Moussa Dembélé
58%
11 Ousmane Dembélé
58%
6 Park Joo-ho
58%
1 Belgia Thibaut Courtois
58%
6 Andrés Iniesta
56%
3 Artur Jędrzejczyk
56%
2 Benjamin Pavard
56%
20 Dele Alli
56%
10 Eden Hazard
56%
1 Anglia Jordan Pickford
56%
2 Michał Pazdan
56%
20 Ricardo Quaresma
56%
16 Thorgan Hazard
56%
1 Szwajcaria Yann Sommer
56%
1 Brazylia Alisson
55%
1 Hiszpania David de Gea
55%
3 Diego Godín
55%
23 Ederson
55%
8 Mateo Kovačić
55%
17 Nicolás Otamendi
55%
5 Sergio Busquets
55%
2 Dani Carvajal
53%
16 Steve Mandanda
53%
22 Artiom Dziuba
52%
5 | 6 Carlos Sánchez
52%
23 Davinson Sánchez
52%
21 Domagoj Vida
52%
10 Emil Forsberg
52%
1 Urugwaj Fernando Muslera
52%
3 Gerard Piqué
52%
10 Granit Xhaka
52%
4 Ivan Perišić
52%
5 John Stones
52%
11 Marco Reus
52%
13 Rúben Dias
52%
6 Salif Sané
52%
7 Breel Embolo
50%
22 Marc-André ter Stegen
50%
17 Mehdi Taremi
50%
19 Sergio Agüero
50%
4 Thiago Cionek
50%
23 Xherdan Shaqiri
50%
18 Bartosz Bereszyński
48%
22 Benjamin Mendy
48%
2 Bruno Alves
48%
1 Chorwacja Dominik Livaković
48%
8 Jordan Henderson
48%
18 Joshua Kimmich
48%
12 Marcelo
48%
13 Marquinhos
48%
14 William Carvalho
48%
17 Aleksandr Gołowin
47%
6 Andreas Christensen
47%
9 Andrej Kramarić
47%
23 Danijel Subašić
47%
2 Kyle Walker
47%
11 Marcelo Brozović
47%
17 Mario Mandžukić
47%
4 Nacho
47%
5 Samuel Umtiti
47%
20 Sergej Milinković-Savić
47%
23 Alphonse Areola
45%
6 Dienis Czeryszew
45%
9 Gabriel Torres
45%
7 Hakim Ziyech
45%
5 Jan Vertonghen
45%
22 José Cuadrado
45%
11 Juan Cuadrado
45%
1 Dania Kasper Schmeichel
45%
13 Maciej Rybus
45%
5 Manuel Akanji
45%
21 Paulo Dybala
45%
9 Radamel Falcao
45%
10 Raheem Sterling
45%
9 Rodrigo Moreno
45%
5 Román Torres
45%
22 Fabian Schär
44%
6 Gabriel Gómez
44%
13 Guillermo Ochoa
44%
6 Harry Maguire
44%
2 José María Giménez
44%
3 Kalidou Koulibaly
44%
23 Mario Gómez
44%
19 Mário Rui
44%
18 Maximiliano Gómez
44%
4 Simon Kjær
44%
5 Casemiro
42%
14 Danilo
42%
17 Jérôme Boateng
42%
14 Leon Goretzka
42%
19 Marcus Rashford
42%
13 Yerry Mina
42%
16 Antonio Rüdiger
40%
10 Gylfi Sigurðsson
40%
22 Hirving Lozano
40%
1 Rosja Igor Akinfiejew
40%
8 Koke
40%
6 Ragnar Sigurðsson
40%
18 Salem Al-Dawsari
40%
11 Yannick Carrasco
40%
12 Bartosz Białkowski
39%
10 Ismael Díaz
39%
8 João Moutinho
39%
8 Karol Linetty
39%
9 Aleksandar Mitrović
37%
6 Axel Witsel
37%
14 Blaise Matuidi
37%
1 Kolumbia David Ospina
37%
23 Dawid Kownacki
37%
9 Gabriel Jesus
37%
17 Iago Aspas
37%
20 Roberto Firmino
37%
1 Szwecja Robin Olsen
37%
9 Timo Werner
37%
9 Gonzalo Higuaín
35%
21 İlkay Gündoğan
35%
7 Jesse Lingard
35%
14 Łukasz Teodorczyk
35%
16 Marcos Rojo
35%
1 Australia Mathew Ryan
35%
10 Mesut Özil
35%
17 Mohamed Elneny
35%
11 Philippe Coutinho
35%
9 Ałan Dzagojew
34%
15 Héctor Moreno
34%
22 Isco
34%
6 Jacek Góralski
34%
12 Kieran Trippier
34%
16 Maxi Pereira
34%
21 Rafał Kurzawa
34%
5 Raphaël Guerreiro
34%
17 Sławomir Peszko
34%
20 Yussuf Poulsen
34%
18 Ante Rebić
32%
6 Dejan Lovren
32%
9 Haris Seferović
32%
6 José Fonte
32%
15 Ricardo Pereira
32%
2 Toby Alderweireld
32%
23 Willy Caballero
32%
1 Maroko Yassine Bounou
32%
19 Youssef En-Nesyri
32%
17 Adil Rami
31%
7 Ahmed Musa
31%
15 Aleksiej Miranczuk
31%
16 Anton Miranczuk
31%
10 Bryan Ruiz
31%
6 Filipe Luís
31%
11 Jamie Vardy
31%
14 Javier Mascherano
31%
19 Luka Jović
31%
19 M’Baye Niang
31%
18 Nabil Fekir
31%
3 Presnel Kimpembe
31%
12 Anthony Lopes
29%
12 Corentin Tolisso
29%
10 Dušan Tadić
29%
21 Edson Álvarez
29%
12 Franco Armani
29%
3 Jonas Hector
29%
12 Kasper Dolberg
29%
20 Marco Asensio
29%
8 Marouane Fellaini
29%
11 Martin Braithwaite
29%
16 Nordin Amrabat
29%
20 Sardar Azmoun
29%
21 Sofyan Amrabat
29%
3 Victor Lindelöf
29%
4 Vincent Kompany
29%
17 Denis Zakaria
27%
5 Martin Olsson
27%
2 Šime Vrsaljko
27%
11 Victor Moses
27%
10 Wahbi Khazri
27%
6 Wataru Endō
27%
11 Aleksandar Kolarov
26%
14 Dries Mertens
26%
5 Idrissa Gueye
26%
10 João Mário
26%
8 Ju Se-jong
26%
4 Keisuke Honda
26%
8 Marcos Acuña
26%
5 Miguel Araujo
26%
15 Mile Jedinak
26%
22 Nacer Chadli
26%
4 Nico Elvedi
26%
3 Nicolás Tagliafico
26%
15 Niklas Süle
26%
4 Siergiej Ignaszewicz
26%
15 Steven Nzonzi
26%
8 Thomas Lemar
26%
22 Trent Alexander-Arnold
26%
3 Danny Rose
24%
17 Fernandinho
24%
12 Joel Campbell
24%
7 Julian Draxler
24%
21 Roman Bürki
24%
6 Sami Khedira
24%
10 Shinji Kagawa
24%
10 Thiago Alcântara
24%
4 Wilfred Ndidi
24%
17 Youri Tielemans
24%
4 Andreas Granqvist
23%
15 Gary Cahill
23%
12 Kevin Trapp
23%
18 Mario Gavranović
23%
7 Saúl Ñíguez
23%
4 Tim Cahill
23%
13 Aaron Mooy
21%
12 Camilo Vargas
21%
11 Carlos Vela
21%
14 César Azpilicueta
21%
4 Eric Dier
21%
10 Fiodor Smołow
21%
17 Gonçalo Guedes
21%
10 John Obi Mikel
21%
13 Koen Casteels
21%
10 Lee Seung-woo
21%
12 Lovre Kalinić
21%
11 Lucas Vázquez
21%
9 Marcus Berg
21%
7 Mathew Leckie
21%
13 Mathias Jørgensen
21%
9 Nicolai Jørgensen
21%
16 Nikola Kalinić
21%
9 Raúl Jiménez
21%
8 Renato Augusto
21%
9 Shinji Okazaki
21%
11 Alfreð Finnbogason
19%
18 Andrés Guardado
19%
18 Ashley Young
19%
7 Éver Banega
19%
15 Jung Woo-young
19%
22 Martín Cáceres
19%
7 Moussa Sow
19%
21 Nemanja Matić
19%
23 Nick Pope
19%
8 Remo Freuler
19%
6 Romain Saïss
19%
15 Thomas Meunier
19%
8 Albin Ekdal
18%
13 Alfred N’Diaye
18%
17 Badou Ndiaye
18%
17 Diego Laxalt
18%
17 Filip Kostić
18%
20 Florian Thauvin
18%
2 Gabriel Mercado
18%
18 Ismaïla Sarr
18%
3 Ivan Strinić
18%
10 Jefferson Farfán
18%
15 Joel Obi
18%
16 Khadim N’Diaye
18%
6 Ludwig Augustinsson
18%
20 Marko Pjaca
18%
21 Michy Batshuayi
18%
15 Nikola Milenković
18%
15 Paulinho
18%
4 Santiago Arias
18%
7 Sebastian Larsson
18%
12 Simon Mignolet
18%
3 Thomas Vermaelen
18%
19 Willian
18%
19 Alberto Quintero
16%
18 André Carrillo
16%
7 Andrija Živković
16%
12 Brad Jones
16%
7 Carlos Bacca
16%
18 Fred
16%
16 Héctor Herrera
16%
17 Jens Stryger Larsen
16%
20 Juan Quintero
16%
18 Jurij Żyrkow
16%
5 Lucas Biglia
16%
14 Luis Muriel
16%
4 Matthias Ginter
16%
22 Maya Yoshida
16%
19 Milan Badelj
16%
20 Ola Toivonen
16%
16 Phil Jones
16%
2 Stephan Lichtsteiner
16%
14 Steven Zuber
16%
5 Vedran Ćorluka
16%
12 Youssouf Sabaly
16%
12 Yvon Mvogo
16%
18 Adnan Januzaj
15%
8 Birkir Bjarnason
15%
21 Cédric Soares
15%
22 Cristian Pavón
15%
2 Cristián Zapata
15%
11 Hwang Hee-chan
15%
3 Jannik Vestergaard
15%
20 Julian Brandt
15%
14 Kelechi Iheanacho
15%
14 Lucas Torreira
15%
15 Matías Vecino
15%
6 Michael Lang
15%
23 Pione Sisto
15%
12 Predrag Rajković
15%
19 Sebastián Coates
15%
8 Thomas Delaney
15%
6 Ahmad Hegazi
13%
4 Albert Guðmundsson
13%
18 Alex Iwobi
13%
2 Ali Gabr
13%
21 Andreas Cornelius
13%
8 Cheikhou Kouyaté
13%
19 Djibril Sidibé
13%
17 Ellyes Skhiri
13%
5 Erick Gutiérrez
13%
10 Giovani dos Santos
13%
7 Jóhann Berg Guðmundsson
13%
6 Jonathan dos Santos
13%
22 Kenner Gutiérrez
13%
17 Lee Jae-sung
13%
2 Lee Yong
13%
2 Mikael Lustig
13%
3 Miranda
13%
22 Mohammed Al-Owais
13%
23 Pepe Reina
13%
1 Senegal Abdoulaye Diallo
11%
6 Branislav Ivanović
11%
20 Dedryck Boyata
11%
1 Japonia Eiji Kawashima
11%
4 Guillermo Varela
11%
23 Leander Dendoncker
11%
5 Medhi Benatia
11%
12 Mohamed Kanno
11%
14 Moussa Konaté
11%
6 Rodrigo Bentancur
11%
17 Viktor Claesson
11%
8 Yahya Al-Shehri
11%
7 Blas Pérez
10%
15 Enzo Pérez
10%
10 Giorgian de Arrascaeta
10%
13 Jack Butland
10%
23 Mehdi Carcela-González
10%
8 Nahitan Nández
10%
4 Rafael Márquez
10%
13 Renato Tapia
10%
11 Roman Zobnin
10%
7 Salman Al-Faraj
10%
11 Valon Behrami
10%
1 Serbia Vladimir Stojković
10%
5 Yūto Nagatomo
10%
18 Alireza Jahanbakhsh
8%
15 Blerim Džemaili
8%
16 Emil Krafth
8%
17 Fabian Delph
8%
8 Genki Haraguchi
8%
3 Giancarlo González
8%
20 Johan Djourou
8%
17 Johan Mojica
8%
13 Kepa Arrizabalaga
8%
23 Marko Dmitrović
8%
15 Mateus Uribe
8%
2 Michael Krohn-Dehli
8%
8 Oghenekaro Etebo
8%
14 Saman Ghoddos
8%
14 Takashi Inui
8%
5 William Troost-Ekong
8%
17 Aron Gunnarsson
6%
15 Diafra Sakho
6%
22 Frederik Rønnow
6%
21 Gōtoku Sakai
6%
19 Hiroki Sakai
6%
17 Jesús Manuel Corona
6%
1 Meksyk Jose de Jesus Corona
6%
19 Josip Drmić
6%
19 Lasse Schöne
6%
21 Marco Ureña
6%
16 Marko Grujić
6%
13 Maximiliano Meza
6%
19 Miguel Borja
6%
7 Miguel Layún
6%
2 Naomichi Ueda
6%
9 Paolo Guerrero
6%
7 William Kvist
6%
13 Yasser Al-Shahrani
6%
8 Abel Aguilar
5%
19 Aleksandr Samiedow
5%
8 Bryan Oviedo
5%
7 Daler Kuziajew
5%
1 Egipt Essam El-Hadar
5%
6 Federico Fazio
5%
13 Fiodor Kudriaszow
5%
1 Islandia Hannes Þór Halldórsson
5%
22 Jackson Irvine
5%
14 Jamie Maclaren
5%
16 Jefferson Lerma
5%
11 John Guidetti
5%
8 Jurij Gazinski
5%
12 Karl-Johan Johnsson
5%
13 Koo Ja-cheol
5%
17 Luis Advíncula
5%
21 Mahmud Hassan
5%
17 Makoto Hasebe
5%
2 Michael Murillo
5%
22 Mouez Hassen
5%
6 Óscar Duarte
5%
3 Óscar Murillo
5%
21 Ruben Loftus-Cheek
5%
13 Tin Jedvaj
5%
14 Władimir Granat
5%
13 Yoshinori Mutō
5%
19 Abdallah Said
3%
8 Aleksandar Prijović
3%
12 Alfredo Talavera
3%
12 Álvaro Odriozola
3%
18 Amine Harit
3%
22 Amir Abedzade
3%
22 Beto
3%
3 Carlos Salcedo
3%
7 Christian Bolaños
3%
11 Cristhian Stuani
3%
14 Danny Welbeck
3%
3 Duško Tošić
3%
20 Édison Flores
3%
22 Fágner
3%
20 Giovani Lo Celso
3%
13 Gustav Svensson
3%
16 Hotaru Yamaguchi
3%
23 Igor Smolnikow
3%
3 Ilja Kutiepow
3%
20 Jang Hyun-soo
3%
23 Jesús Gallardo
3%
16 Jonas Lössl
3%
22 Jón Daði Böðvarsson
3%
22 Josip Pivarić
3%
14 Kári Árnason
3%
10 Karim Ansarifard
3%
23 Kōsuke Nakamura
3%
9 Mame Biram Diouf
3%
12 Munir Mohand
3%
4 Oh Ban-suk
3%
19 Sebastian Rudy
3%
15 Viktor Fischer
3%
10 Younès Belhanda
3%
15 Yūya Ōsako
3%
14 Abdullah Otayf
2%
7 Ahmed Fathi
2%
23 Alfred Gomis
2%
1 Iran Alireza Beiranvand
2%
20 Aníbal Godoy
2%
23 Ari Freyr Skúlason
2%
21 Arnór Ingvi Traustason
2%
9 Ayoub El Kaabi
2%
2 Birkir Sævarsson
2%
16 Cássio
2%
11 Cheikh N’Doye
2%
16 Cristian Gamboa
2%
18 Danny Vukovic
2%
20 David Guzmán
2%
18 Eduardo Salvio
2%
3 Ehsan Hajsafi
2%
19 Fahad Al-Muwallad
2%
1 Tunezja Farouk Ben Mustapha
2%
13 Ferjani Sassi
2%
14 Filip Bradarić
2%
14 Filip Helander
2%
23 Francis Uzoho
2%
18 Frank Fabra
2%
7 Gaku Shibasaki
2%
18 Gelson Martins
2%
14 Hong Chul
2%
2 Hugo Ayala
2%
4 Ian Smith
2%
21 Jimmy Durmaz
2%
2 Johnny Acosta
2%
20 Keita Baldé Diao
2%
23 Kristoffer Nordfeldt
2%
6 Leon Balogun
2%
4 Luka Milivojević
2%
18 Lukas Lerager
2%
19 Majid Hoseini
2%
12 Martín Campaña
2%
2 Marvin Plattenhardt
2%
12 Masaaki Higashiguchi
2%
2 Milos Degenek
2%
13 Miloš Veljković
2%
22 Moussa Wagué
2%
16 Nacho Monreal
2%
1 Argentyna Nahuel Guzmán
2%
18 Nemanja Radonjić
2%
9 Odion Ighalo
2%
17 Ogenyi Onazi
2%
16 Ólafur Ingi Skúlason
2%
19 Oribe Peralta
2%
1 Peru Pedro Gallese
2%
4 Pedro Geromel
2%
18 Pontus Jansson
2%
11 Raúl Ruidíaz
2%
16 Reza Gouchannejad
2%
10 Robbie Kruse
2%
21 Taison
2%
23 Tom Rogić
2%
5 Uroš Spajić
2%
5 Wilmar Barrios
2%
20 Władimir Gabułow
2%
5 Yun Young-sun
2%
16 Abdiel Arroyo
0%
15 Abdullah Al-Khaibari
0%
1 Arabia Saudyjska Abdullah Al-Mayouf
0%
11 Abdulmalek Al-Khaibri
0%
2 Adama Mbengue
0%
22 Adem Ljajić
0%
13 Adolfo Machado
0%
3 Ahmed El-Mohamadi
0%
15 Ahmed Khalil
0%
22 Ahmed Reda Tagnaouti
0%
3 Aldo Corzo
0%
21 Aleksandr Jerochin
0%
4 Ali Al-Bulaihi
0%
12 Ali Maâloul
0%
22 Amr Warda
0%
4 Anderson Santamaría
0%
11 Andrew Nabbout
0%
12 Andriej Łuniow
0%
5 Andriej Siemionow
0%
14 Andy Polo
0%
9 Anice Badri
0%
2 Antonio Rukavina
0%
11 Armando Cooper
0%
21 Ashkan Dejagah
0%
12 Ayman Ashraf
0%
16 Aymen Mathlouthi
0%
16 Aziz Behich
0%
20 Aziz Bouhaddouz
0%
18 Bassem Srarfi
0%
9 Björn Bergmann Sigurðarson
0%
2 Brian Idowu
0%
12 Carlos Cáceda
0%
5 Celso Borges
0%
20 Chidozie Awaziem
0%
8 Christian Cueva
0%
4 Cristian Ansaldi
0%
16 Daniel Akpeyi
0%
17 Daniel Arzani
0%
9 Daniel Colindres
0%
21 Dimitri Petratos
0%
11 Dylan Bronn
0%
8 Edgar Yoel Bárcenas
0%
20 Emil Hallfreðsson
0%
15 Eric Davis
0%
8 Fakhreddine Ben Youssef
0%
11 Fayçal Fajr
0%
23 Felipe Baloy
0%
4 Fidel Escobar
0%
15 Francisco Calvo
0%
3 François Moubandje
0%
12 Frederik Schram
0%
3 Gen Shōji
0%
20 Ghailene Chaalali
0%
21 Hamdi Nagguez
0%
3 Hamza Mendyl
0%
3 Harold Cummings
0%
9 Hattan Bahebri
0%
14 Henrik Dalsgaard
0%
15 Hólmar Örn Eyjólfsson
0%
18 Hörður Björgvin Magnússon
0%
16 Housain Al-Mogahwi
0%
1 Nigeria Ikechukwu Ezenwa
0%
22 Isaac Kiese Thelin
0%
1 Panama Jaime Penedo
0%
3 James Meredith
0%
20 Javier Aquino
0%
11 Johan Venegas
0%
19 John Ogu
0%
5 Jonas Knudsen
0%
20 Jonathan Urretaviscaya
0%
12 José Calderón
0%
21 José Carvallo
0%
21 José Izquierdo
0%
19 Josh Risdon
0%
3 Jung Seung-hyun
0%
4 Kara Mbodj
0%
8 Karim El Ahmadi
0%
19 Kendall Waston
0%
22 Kenneth Omeruo
0%
13 Khalid Boutaïb
0%
21 Lamine Gassama
0%
23 Leonel Moreira
0%
17 Luis Ovalle
0%
18 Luis Tejada
0%
2 Mahdi Torabi
0%
11 Mahmoud Abdel-Moneim Soliman
0%
15 Mahmoud Hamdy
0%
2 Mansoor Al-Harbi
0%
19 Marcus Rohdén
0%
5 Mark Milligan
0%
9 Marwan Mohsen
0%
8 Massimo Luongo
0%
7 Masud Shojai
0%
6 Matthew Jurman
0%
14 Mbark Boussoufa
0%
6 Miguel Trauco
0%
5 Milad Mohammadi
0%
14 Milan Rodić
0%
13 Mohamed Abdel-Shafy
0%
14 Mohamed Amine Ben Amor
0%
23 Mohamed El-Shenawy
0%
10 Mohammad Al-Sahlawi
0%
12 Mohammad Mazaheri
0%
13 Mohammad Reza Chanzade
0%
6 Mohammed Al-Breik
0%
8 Morteza Puraliganji
0%
23 Motaz Hawsawi
0%
20 Muhannad Assiri
0%
17 Nabil Dirar
0%
23 Naïm Sliti
0%
22 Nilson Loyola
0%
4 Omar Gaber
0%
5 Omar Hawsawi
0%
9 Omid Ebrahimi
0%
3 Osama Hawsawi
0%
15 Oscar Hiljemark
0%
5 Oussama Haddadi
0%
7 Paolo Hurtado
0%
18 Patrick Pemberton
0%
23 Pedro Aquino
0%
15 Peżman Montazeri
0%
14 Ramadan Sobhi
0%
6 Rami Bedoui
0%
23 Ramin Rezajijan
0%
14 Randall Azofeifa
0%
13 Rodney Wallace
0%
13 Rúnar Alex Rúnarsson
0%
19 Rúrik Gíslason
0%
4 Ruzbe Cheshmi
0%
18 Ryōta Ōshima
0%
20 Saad Samir
0%
19 Saber Khelifa
0%
6 Sa’id Ezzatollahi
0%
7 Saîf-Eddine Khaoui
0%
5 Sam Morsy
0%
3 Samúel Friðjónsson
0%
12 Shehu Abdullahi
0%
16 Sherif Ekramy
0%
18 Shikabala
0%
13 Simeon Nwankwo
0%
5 Sverrir Ingi Ingason
0%
2 Syam Ben Youssef
0%
17 Taisir Al-Jassim
0%
11 Takashi Usami
0%
8 Tarek Hamed
0%
9 Tomi Juric
0%
20 Tomoaki Makino
0%
20 Trent Sainsbury
0%
21 Tyronne Ebuehi
0%
3 Uwa Elderson Echiéjilé
0%
14 Valentín Pimentel
0%
11 Wahid Amiri
0%
16 Wilder Cartagena
0%
21 Yasser Al-Mosailem
0%
4 Yassine Meriah
0%
17 Yeltsin Tejeda
0%
3 Yohan Benalouane
0%
19 Yoshimar Yotún
0%
15 Youssef Aït Bennasser
0%
Nie znaleziono quizów pasujących do podanych kryteriów
Rozkład punktacji
Procent ludzi z każdym wynikiem
Percentyl według liczby udzielonych odpowiedzi
Twoja historia wyników
Nie rozwiązałeś tego quizu